书目信息 |
| 题名: |
阿拉伯语语法基础教程
|
|
| 作者: | 纳汝龙 编著 | |
| 分册: | 语法篇 | |
| 出版信息: | 北京 商务印书馆 2018.02 |
|
| 页数: | 384页 | |
| 开本: | 26cm | |
| 丛书名: | ||
| 单 册: | ||
| 中图分类: | H374 | |
| 科图分类: | ||
| 主题词: | 阿拉伯语 | |
| 电子资源: | ||
| ISBN: | 978-7-100-15454-3 | |
| 000 | 00601nam0 2200205 450 | |
| 001 | 1930402672 | |
| 005 | 20191022082917.95 | |
| 010 | @a978-7-100-15454-3@dCNY42.00 | |
| 100 | @a20191022d2018 km y0chiy0120 ea | |
| 101 | 0 | @achi |
| 102 | @aCN@b110000 | |
| 200 | 1 | @a阿拉伯语语法基础教程@Aa la bo yu yu fa ji chu jiao cheng@i语法篇@f纳汝龙编著@Fna ru long bian zhu |
| 210 | @a北京@c商务印书馆@d2018.02 | |
| 215 | @a384页@d26cm | |
| 517 | 1 | @a语法篇@Ayu fa pian |
| 606 | 0 | @a阿拉伯语 |
| 690 | @aH374@v4 | |
| 701 | 0 | @a纳汝龙@Ana ru long@4编著 |
| 801 | 0 | @aCN@bMUSE@c20191022 |
| 905 | @aMUSE@dH374@eN0361 | |
| 阿拉伯语语法基础教程.语法篇/纳汝龙编著.-北京:商务印书馆,2018.02 |
| 384页;26cm |
| ISBN 978-7-100-15454-3:CNY42.00 |
| ● |
| 相关链接 |
|
|
|
正题名:阿拉伯语语法基础教程
索取号:H374/N0361
 
预约/预借
| 序号 | 登录号 | 条形码 | 馆藏地/架位号 | 状态 | 备注 |
| 1 | 1239853 | 212398537 | 测绘与城市空间信息学院资料室/ [索取号:H374/N0361] | 在馆 |